AKCESORIA, KTÓRE POWINIEN POSIADAĆ KAŻDY KIBIC - Statystyki

Ogólne statystyki
  • Ten quiz został rozwiązany 66 razy
  • Średni wynik to 2 z 5
Statystyki odpowiedzi
Odpowiedź % Poprawnych
SZALIK
93%
CZAPKA
44%
FLAGA
32%
WUWUZELA
12%
KOSZULKA DRUŻYNY
0%
Nie znaleziono quizów pasujących do podanych kryteriów
Rozkład punktacji
Procent ludzi z każdym wynikiem
Percentyl według liczby udzielonych odpowiedzi
Twoja historia wyników
Nie rozwiązałeś tego quizu